01381nam a2200361Ia 4500001001200000003000800012006001900020007001500039008004100054010001700095020001800112020001800130020002600148020002200174040002100196035002100217050002200238082001700260245014000277260004400417300003100461490002800492504005100520533015200571650002700723650003200750655002900782700001900811710001700830830002900847856012600876999001701002ebr10224609CaPaEBRm u cr cn|||||||||980904s2000 enkab sb 001 0 eng d z 98037509  z9780826478719 z9781847140913 z0304702447 (hardback) z0304702455 (pbk.) aCaPaEBRcCaPaEBR a(OCoLC)56843465214aP53b.R463 2000eb04a410/.1/822100aResearching language in schools and communitiesh[electronic resource] :bfunctional linguistic perspectives /cedited by Len Unsworth. aLondon ;aWashington :bCassell,c2000. aix, 311 p. :bill., 1 map.1 aOpen linguistics series aIncludes bibliographical references and index. aElectronic reproduction.bPalo Alto, Calif. :cebrary,d2009.nAvailable via World Wide Web.nAccess may be limited to ebrary affiliated libraries. 0aLinguisticsxResearch. 0aFunctionalism (Linguistics) 7aElectronic books.2local1 aUnsworth, Len.2 aebrary, Inc. 0aOpen linguistics series.40uhttp://site.ebrary.com/lib/rucke/Doc?id=10224609zAn electronic book accessible through the World Wide Web; click to view c25499d25499